Statistiques concernant Personnages de Street Fighter VI

Cliquez ici pour prendre le quiz!

Statistiques générales

  • Ce quiz a été pris 24 fois
  • Le résultat moyen est 15 sur 22

Statistiques - réponses

PaysPersonnageStyle de combat% Correct
JaponRyuKaraté / Ansatsuken
85%
Royaume-UniCammyForces spéciales (delta red)
80%
IndeDhalsimYoga
80%
JaponE. HondaSumo
80%
BrésilBlankaSauvage
75%
ChineChun-LiKung-Fu
75%
USAKenKaraté / Ansatsuken
75%
USA
LukeMMA
75%
RussieZangiefCatch / lutte
75%
JamaiqueDee JayKick boxing / break dance
65%
HonKongJamieZui quan / break dance
65%
CoréeJuriTaekwondo
65%
FranceManonJudo / dance classique
65%
JaponAkumaSatsui no hado
60%
RussieJPPsycho pouvoirs
60%
ChineA.K.IPoison
55%
? / AllemagneEdBoxe / Psycho pouvoirs
55%
USAGuileMCMAP
55%
"Moyen Orient"RashidParkour
55%
USAKimberlyNinjutsu / Bushin-ryu
50%
MexiqueLillyArt martial des Thunderfoots
50%
ItalieMarisaPancrace
50%

Distribution des résultats

Percentile par nombre de réponses

% des personnes avec chaque résultat

Votre développement - résultats

Vous n’avez pas pris ce quiz